00290nam a22000857a 4500100002900000245009300029260003000122300001100152700004100163 aMuhammad Zeeshana13ME36 aAnalysis of Flue Gas of Diesel Engine by Designing and Developing A Heat recovery System aNawabshah:bQUEST,c2016. a45p. ; aDepartment of Mechanical Engineering